000 00378nam a2200145Ia 4500
005 20240814115817.0
008 240813s9999||||xx |||||||||||||| ||und||
082 _a374 HOU
100 _aHoule, Cyril O.
245 0 _aArmed services and adult education
260 _aWashington
_bAmerican Council on Education
_c1947
300 _a257p
650 _aAdult Education
942 _cBK
999 _c2349
_d2349